000 00281nam a22001337a 4500
008 180126b xxu||||| |||| 00| 0 eng d
020 _a0670835102
041 _aeng
080 _a821
100 _a22
101 _aGJL
245 _aThe Iliad Homer
_cFagles, R
942 _2udc
_cBK
999 _c41023
_d41023